000 00688nam a2200145Ia 4500
008 100204s9999 xx 000 0 und d
082 _b16054
100 _aदेवरे प्र. अ./ देव मो. रा.
245 _aसखा सोबती- कुत्र्याचे संगोपन संवर्धन
260 _b"उत्कर्ष प्रकाशन, पुणे"
_c1992
300 _a118
630 _aसखा सोबती- कुत्र्याचे संगोपन संवर्धन
730 _aसखा सोबती- कुत्र्याचे संगोपन संवर्धन
942 _cBOOK
999 _c460477
_d460474